000 00945cam a2200277 4500
001 ##L131369
008 051026n2005 000 0 eng u
020 _a0421900407
035 _a(Sirsi) u131369
041 0 _aeng
050 0 4 _a346.41043 $2 18
100 1 _aTimothy, Patrick
245 0 0 _aWontner's guide to Land Registry practice
250 _a21st ed.
260 3 _aLondon
_bSweet and Maxwell
_c2005
300 _axxvii, 287p.
_c22cm.
350 _a79
520 _aContains new guidance on the Land Registration Act 2002 and the Land Registration Rules 2003 and contains new chapters on commonhold law and stamp duty land tax.
520 _aAccompanied by a CD-ROM (L145252) which is not available for loan.
590 _aIKA061205
650 2 4 _aLAND REGISTRATION ACT 2002
650 2 4 _aLAND REGISTRATION RULES 2003
690 _aPROPERTY-PROPERTY ACQUISITION AND DISPOSAL
700 1 _aBarker, Alison
942 _n0
999 _c104728
_d104728